Statistics for Busiest Airports in Germany

Click here to take the quiz!

General Stats

  • This quiz has been taken 370 times
  • The average score is 8 of 10

Answer Stats

Airport NameAnnual Passengers% Correct
Frankfurt64,500,386
99%
Hamburg17,622,997
98%
Munich44,577,241
98%
Cologne/Bonn12,384,223
93%
Düsseldorf24,640,564
93%
Stuttgart10,962,247
88%
Hanover5,870,104
71%
Berlin Tegel20,460,688
67%
Nuremberg4,186,961
64%
Berlin Schönefeld12,865,312
48%

Score Distribution

Percentile by Number Answered

Percent of People with Each Score

Your Score History

You have not taken this quiz